1987 1246 1717 1380 1976 1023 1800 1888 1773 1008 1448 1238 1859 1107 1373 1355 1677 1482 1264 1128 1273 1808 1269 1979 1426 1471 1216 1366 1219 1708 1580 1953 1664 1651 1297 1168 1931 1644 1671 1241 1610 1972 1422 1902 1812 1235 1673 1649 1623 1264 1078 1491 1409 1208 1759 1176 1162 1195 1486 1227 1708 1690 1650 1717 1639 1194 1414 1725 1821 1903 1383 1949 1227 1131 1241 1011 1821 1329 1040 1744 1026 1395 1624 1264 1054 1024 1245 1984 1117 1186 1473 1307 1899 1764 1682 1618 1446 1149 1134 BCNSPRNW ULIB Ver.6.0+V

เปลี่ยนเป็นภาษาไทย

Change to English
 แสดงรายละเอียดบรรณานุกรม
  กลับหน้าหลัก

Brief Record : Get Marc (ISO 2709) : E-mail record : QR code < ปิดหน้าต่าง
LEADER : 00000nam 2200000uu 4500
001    13399109571
003     ULIB
008    110405s2542||||th 000 0 tha d
020    9748667413
060 04 WB400^bว551ม 2542
100 0  วิจิตร บุญยะโหตระ
245 10 อาหารต้านมะเร็ง /^cวิจิตร บุณยะโหตระ
250    พิมพ์ครั้งที่ 4
260    กรุงเทพฯ :^bรักสุขภาพ,^c2542
300    144 หน้า :^bภาพประกอบ
650  7 อาหารต้านมะเร็ง
650  7 อาหารก่อมะเร็ง
945    ^p105^l0^i012611
945    ^p105^l0^i012610
995    ทศพร
999 ^a ใช้งานได้ทุกระบบ
รายการนี้ยังไม่มีแท็ก
คุณยังไม่ได้ล็อกอิน คุณสามารถมีกิจกรรมร่วมกับเว็บไซต์ได้ แต่ต้องล็อกอินก่อน ::
  ล็อกอิน

รายการสื่อสารสนเทศ

ลำดับที่ ประเภท เลขเรียก/บาร์โค้ด สถานที่ สถานะ
- ไม่พบข้อมูล -

รายการใกล้เคียง
    หัวเรื่อง [อาหารต้านมะเร็ง]
    หัวเรื่อง [อาหารก่อมะเร็ง]

BibComment


ยังไม่เคยถูกคอมเมนท์

คอมเมนท์ทรัพยากรรายการนี้
  คอมเมนท์: อาหารต้านมะเร็ง ..


 Copyright 2026. Bcnsprnw @Library